Maharshi Dayanand ke prerak prasang (Record no. 5587)
[ view plain ]
| 000 -LEADER | |
|---|---|
| fixed length control field | 00487nam a2200169Ia 4500 |
| 008 - FIXED-LENGTH DATA ELEMENTS--GENERAL INFORMATION | |
| fixed length control field | 230917s9999||||xx |||||||||||||| ||und|| |
| 020 ## - ISBN | |
| Price | RS 150.00 |
| 040 ## - CATALOGING SOURCE | |
| -- | 5009129 |
| Original cataloging agency | VIVEKANANDA LIBRARY |
| 041 ## - Language | |
| -- | English |
| 082 ## - DDC NUMBER | |
| Classification number | 294.5563092 D33L:M |
| 100 ## - MAIN ENTRY--PERSONAL NAME | |
| Personal name | Lakshman |
| 245 #0 - TITLE STATEMENT | |
| Title | Maharshi Dayanand ke prerak prasang |
| 260 ## - PUBLICATION, DISTRIBUTION, ETC. (IMPRINT) | |
| Name of publisher, distributor, etc | Vijaykumar Govindram Hasanand |
| Date of publication, distribution, etc | 2010 |
| 300 ## - PHYSICAL DESCRIPTION | |
| Pages | 259 p. |
| 500 ## - GENERAL NOTE | |
| General note | 4558 04/03/2022 HBD22/9287 04/03/2022 Centre for Maharishi Danyand Vedic Studi |
| 942 ## - ADDED ENTRY ELEMENTS (KOHA) | |
| Koha item type | Books |
| Withdrawn status | Lost status | Damaged status | Not for loan | Location (home branch) | Sublocation or collection (holding branch) | Date acquired | Koha issues (times borrowed) | Koha full call number | Accession No. | Koha date last seen | Koha item type | Source of classification or shelving scheme | Shelving location |
|---|---|---|---|---|---|---|---|---|---|---|---|---|---|
| VIVEKANANDA LIBRARY | VIVEKANANDA LIBRARY | 28/03/2022 | 2 | 294.5563092 D33L:M | 394547 | 25/03/2026 | Books | ||||||
| VIVEKANANDA LIBRARY | VIVEKANANDA LIBRARY | 11/03/2026 | 294.5563092 D33L:M | 438761 | 11/03/2026 | Books | Dewey Decimal Classification | Vivekananda Library | |||||
| VIVEKANANDA LIBRARY | VIVEKANANDA LIBRARY | 11/03/2026 | 294.5563092 D33L:M | 438760 | 11/03/2026 | Books | Dewey Decimal Classification | Vivekananda Library |
